000 03170ngm a2200493 4500
003 dpl
005 20081215150459.0
007 DVD
008 ||||||sp199 xxu|||||c ||| 00| 0 ng d
010 _aDVD-001494-1496 & DVD-005031-5036
024 _aSHE DVD 733
_c199.00
035 _aDVD-001494-1496
035 _aDVD-005031-5036
040 _aDPL
_cDPL
082 _aDVD / NAYA
245 _aNaya Daur
_cB. R. Chopra Film Presents
_h[videorecording] DVD/
260 _bShemaroo Video Pvt. Ltd.
300 _a2 videodisc DVD; (163+38 min.) :
_bsd., col. ;
_c4 3/4 in.
_fDVD
440 _aShemaroo Home Entertainment
500 _aDigitally Re-Mastered From the Original Film
500 _aFilmfare Award Winner Best Actor: Dilip Kumar, Best Music: O. P. Nayyar, Best Story: Akhtar Mirza
500 _aBonus Features in Dvd 2: Celebrity Interview, Deleted Scenes
538 _aDolby Digital 5.1 - Hindi Subtitles: English
538 _aAnamorphic Wide Screen Format, Presented 2:35.1 Aspect Ratio Enhancaead for 16:9 Wide Screen
650 _aMotion Picture
700 _aChopra, B. R.
700 _aNayyar, O. P.
700 _aSahir
700 _aDilip Kumar
700 _aVyjantimala
700 _aAjit
942 _cCF
_2ddc
_hDVD
_mNAYA
999 _c19845
_d19845